000 00450nam a2200181Ia 4500
005 20240823060801.0
008 240823s9999||||xx |||||||||||||| ||und||
041 _aENGLISH
082 _A005.1 Q5
100 _aAnany Levitin
245 4 _aThe Design and Analysis of Algorithms
250 _a2nd
260 _c2015
_bPearson Educ
500 _aTRANSFERED
650 _aAnalysis of Algorithms
_bComputer Science
942 _cBK
999 _c231958
_d231958